000 00424nam a2200181Ia 4500
001 9586
005 20260306161729.0
008 260306t1978||||xx |||||||||||||| ||spa||
041 _aESP
082 _a382.17
_bK56
100 _aKindleberger, Charles Poor
_eAUT
245 0 _aEconomía internacional
260 _c1978
300 _axix, 608 páginas :
_c
650 _aGEN
654 _aCAN
942 _cLIB
_dJUS
_fJUS
_2ddc
_n
999 _c9586
_d9586